Statistics for Countries Starting with H and their Capitals

Click here to take the quiz!

General Stats

  • This quiz has been taken 35 times
  • The average score is 5 of 6

Answer Stats

Country% Correct
Haiti
93%
Honduras
93%
Hungary
93%
Budapest
89%
Port-au-Prince
79%
Tegucigalpa
64%

Score Distribution

Percentile by Number Answered

Percent of People with Each Score

Your Score History

You have not taken this quiz